| 000 | 01381nam1a22003131i 4500 | ||
|---|---|---|---|
| 001 | rc\2641350 | ||
| 005 | 20240726013202.0 | ||
| 035 | _a(NLR Aleph) 006949283 | ||
| 090 |
_a5230934 _c5230934 |
||
| 100 | _a20110606d1931 |||y0rusy50 ca | ||
| 101 | 1 |
_arus _cfre |
|
| 102 | _aRU | ||
| 105 | _a z ||||| | ||
| 200 | 1 |
_aИнфекционные болезни _fФ. Безансон и А. Филибер _gПер. Э.А. Вассерберг и И.Д. Кончаловского |
|
| 210 |
_aМосква _aЛенинград _cГос. мед. изд-во _d1931 _e[Москва] _g16-я тип. УПП Огиз |
||
| 215 | _d19 см | ||
| 225 | 1 |
_fФ. Безансон, М. Лабба, Л. Бернар, Ж.А. Сикар _aРуководство по патологии и терапии внутренних болезней _eПер. с фр. _fПод общ. ред. проф. М. П. Кончаловского |
|
| 700 | 1 |
_aБезансон _bФ. _f1868- _gФернанд |
|
| 701 | 1 |
_aФилибер _bА. |
|
| 702 | 1 |
_aВассерберг _bЭ.А. _4730 |
|
| 702 | 1 |
_aКончаловский _bИ.Д. _4730 |
|
| 702 | 1 |
_aЛабба _bМ. _4570 |
|
| 702 | 1 |
_aБернар _bЛ. _4570 |
|
| 702 | 1 |
_aСикар _bЖ.А. _4570 |
|
| 702 | 1 |
_aКончаловский _bМ.П. _4340 |
|
| 801 | 0 |
_aRU _bNLR _gpsbo |
|
| 801 | 1 |
_aRU _bELAR _2rusmarc |
|
| 852 |
_aNLR _j31-17/426(3-1) |
||
| 942 | _cBOOK | ||